000 00348nam a2200121Ia 4500
008 190415s9999 xx 000 0 und d
082 _aRE.0008
100 _aMadras Institute of Developmen
245 0 _aEducational problems of scheduled castes and tribes in Tamil Nadu, 1973
260 _c1974
300 _a2V. 130+appen, 128+appen
942 _cBK
999 _c13308
_d13308